00479nam a2200121Ia 45000010005000000080041000050820029000461000066000752450149001412600024002909010028003149990015003421864241024s9999 xx 000 0 und d aRD/370.97293/R426g/10-04 aRepública Dominicana. Secretaría de Estado de Educación 0aGuías para determinar la etapa en que se encuentran los centros educativos dentro del proyecto de apoyo a la calidad educativa, Distrito 10-04 bSanto Domingoc2006 a30/9/2011 12:12:24 p.m. c9069d9069